• 首页
  • 本馆介绍
  • 公告通知
  • 最新文献
  • 馆藏检索
  • 电子资源
  • 读者导购
  • 参考咨询
  • 我的图书馆
  • 登录
  • 详细信息显示
  • 放入我的书架
  • 预约/预借图书
  • 作者相关作品
  • 分类相关作品
  • 丛书相关作品
  • 出版社相关作品

书目信息

  • 表格格式
  • 工作单格式
  • 卡片格式
题名:
关于推进"两学一做"学习教育常态化制度化的意见
    
 
作者:
分册:  
出版信息: 北京   党建读物出版社  2017.04
页数: 18页
开本: 20cm
丛书名:
单 册:
中图分类: D261.4-53
科图分类:
主题词: 中国共产党
电子资源:
ISBN: 7-5099-0888-4
000 00611nam0 2200193 450
001 2656582763
005 20260414154644.47
010    @a7-5099-0888-4@dCNY2.00
100    @a20260414d2017 km y0chiy0120 ea
101 0  @achi
102    @aCN@b110000
102    @aCN
200 1  @a关于推进"两学一做"学习教育常态化制度化的意见@AGuan Yu Tui Jin"Liang Xue Yi Zuo"Xue Xi Jiao Yu Chang Tai Hua Zhi Du Hua De Yi Jian
210    @a北京@c党建读物出版社@d2017.04
215    @a18页@d20cm
606 0  @a中国共产党
690    @aD261.4-53@v4
801  0 @aCN@b大连网信软件有限公司图书馆·11@c20260414
905    @aZUCC@dD261.4-53@e2285
    
    关于推进"两学一做"学习教育常态化制度化的意见.-北京:党建读物出版社,2017.04
    18页;20cm
    
    
    ISBN 7-5099-0888-4:CNY2.00
    
●
相关链接 在E读中查询图书 在五车中查询图书 在当当中查询图书 在豆瓣中查询图书


正题名:关于推进"两学一做"学习教育常态化制度化的意见     索取号:D261.4-53/2285         预约/预借

序号 登录号 条形码 馆藏地/架位号 状态 备注
1 1442594   214425941   第一样本阅览室/ [索取号:D261.4-53/2285] 在馆    
2 1442595   214425950   第一借阅区/ [索取号:D261.4-53/2285] 在馆    
3 1442596   214425969   第一借阅区/ [索取号:D261.4-53/2285] 在馆    
4 1442597   214425978   第一借阅区/ [索取号:D261.4-53/2285] 在馆    
5 1442598   214425987   第一借阅区/ [索取号:D261.4-53/2285] 在馆    
唐山师范学院图书馆 欢迎您!
大连网信软件有限公司© 版权所有